000 00507nab a2200145Ia 4500
003 ES-SlBCS
005 20210601134125.0
008 140529s2012 xxu||||| |||| 00| 0 por d
041 _apor
100 1 _aCainelli, Marlene
_9213865
245 0 2 _aA escrita da história e os conteúdos ensinados na disciplina de história no ensino fundamental
_c Marlene Cainelli
650 0 4 _aEducación Histórica
_9201515
773 0 _tEducaçao e Filosofia
_gvol. 26, nº. 51, 2012, págs. 163-184
_wRev1534
942 _cAR
999 _c607468
_d607468